| 000 | 00714nam a2200205Ii 4500 | ||
|---|---|---|---|
| 003 | JO-AjNU | ||
| 008 | 230605s9999||||xx |||||||||||||| ||und|| | ||
| 040 |
_aJO-AjNU _bara _erda _cJO-AjNU |
||
| 041 | _aara | ||
| 050 | 1 | 4 | _aPJ6161.Q3 1982 |
| 100 | 3 |
_aعبد الرحمن القزويني، جلال الدين محمد ؛ شرحه محمد هاشم دويري, _eauthor _937580 |
|
| 245 | 0 | 0 | _aشرح التلخيص في علوم البلاغة |
| 250 | _aط2 | ||
| 264 | 3 | 1 | _aبيروت: دار الجيل، 1982 |
| 300 | _a208ص | ||
| 336 |
_atext _btxt _2rdacontent |
||
| 337 |
_aunmediated _bn _2rdamedia |
||
| 338 |
_avolume _bnc _2rdacarrier |
||
| 650 | 4 |
_aاللغة العربية-البلاغة _937581 |
|
| 999 |
_aA15714 _c19282 _d19282 |
||